Joueurs polonais sélectionnés à l'Euro 2024 - Statistiques

Statistiques générales
  • Ce quiz a été pris 8 fois
  • Le résultat moyen est 12 sur 27
Statistiques - réponses
Poste Club Numéro Joueur % Correct
Défenseur Arsenal (Angleterre) 14 Jakub Kiwior
100%
Milieu de terrain Napoli (Italie) 10 Piotr Zieliński
100%
Attaquant FC Barcelone (Espagne) 9 Robert Lewandowski
100%
Gardien OGC Nice (France) 22 Marcin Bulka
88%
Défenseur RC Lens (France) 19 Przemyslaw Frankowski
88%
Gardien Juventus (Italie) 1 Wojciech Szczęsny
88%
Défenseur Southampton FC (Angleterre) 5 Jan Bednarek
75%
Gardien Bologne FC (Italie) 12 Łukasz Skorupski
75%
Milieu de terrain Brighton FC (Angleterre) 8 Jakub Moder
63%
Attaquant Basaksehir (Turquie) 23 Krzysztof Piatek
63%
Milieu de terrain AEK Athènes (Grèce) 17 Damian Szymanski
50%
Milieu de terrain Bologne FC (Italie) 26 Kacper Urbanski
50%
Milieu de terrain AS Rome (Italie) 21 Nicola Zalewski
50%
Milieu de terrain Fenerbahçe SK (Turquie) 20 Sebastian Szymanski
50%
Attaquant Antalyaspor (Turquie) 16 Adam Buksa
38%
Milieu de terrain Pogoń Szczecin (Pologne) 11 Kamil Grosicki
25%
Attaquant Hellas Verone FC (Italie) 7 Karol Świderski
25%
Milieu de terrain Hellas Verone FC (Italie) 3 Pawel Dawidowicz
25%
Défenseur FC Empoli (Italie) 18 Bartosz Bereszyński
13%
Milieu de terrain Ludogorets Razgrad (Bulgarie) 6 Jakub Piotrowski
13%
Sélectionneur - - Michał Probierz
13%
Attaquant Club Bruges (Belgique) 25 Michal Skoras
13%
Milieu de terrain Jagiellonia Bialystok (Pologne) 13 Taras Romanczuk
13%
Défenseur Lech Poznań (Pologne) 2 Bartosz Salamon
0%
Milieu de terrain Atalanta Bergame (Italie) 24 Bartosz Slisz
0%
Défenseur FC Empoli (Italie) 4 Sebastian Walukiewicz
0%
Défenseur FC Kaiserslautern (Allemagne) 15 Tymoteusz Puchacz
0%
Aucun quiz correspondant
Distribution des résultats
% des personnes avec chaque résultat
Percentile par nombre de réponses
Votre historique - résultats
Vous n’avez pas pris ce quiz